| 000 | 00816nam a2200229 a 4500 | ||
|---|---|---|---|
| 001 | 000006587 | ||
| 005 | 20200929153945.0 | ||
| 008 | 090901s1981 dr 001 0 spa d | ||
| 040 |
_aDO-SdBNP _bspa _cBNPHU |
||
| 082 |
_a790.097293 _bG242p |
||
| 100 | 1 |
_aGarris, Fidencio _918279 |
|
| 245 | 1 | 3 |
_aUn poco de mis cosas / _cFidencio Garris ; prólogo Cuchito Álvarez. |
| 260 |
_aSanto Domingo : _bImpresos "EFE-GE", _c1981. |
||
| 300 |
_a314 p. ; _c21 cm. |
||
| 590 | _aInventariado, 2018/LP | ||
| 650 | 4 |
_aDeportes _xEnsayos, conferencias, etc. _918280 |
|
| 650 | 4 |
_aDeportes _xHistoria _zRepública Dominicana _918281 |
|
| 650 | 4 |
_aCrónica deportiva _96911 |
|
| 650 | 4 |
_aDiarios dominicanos _xSecciones, columnas, etc. _944 |
|
| 700 | 1 |
_aÁlvarez, Cuchito, _epról. _918282 |
|
| 910 | _aValidado. Control de calidad EMS | ||
| 999 |
_c6378 _d6378 |
||